| 000 | 00347nam a2200145Ia 4500 | ||
|---|---|---|---|
| 005 | 20251222144923.0 | ||
| 008 | 251222s9999||||xx |||||||||||||| ||spa|| | ||
| 020 | _a9786120001226 | ||
| 082 | _a270/P42 | ||
| 100 | _a P. Peña O.A.R., Ángel | ||
| 245 | 0 | _a¿Europa sin Cristo? | |
| 250 | _a1ra.ed. | ||
| 264 | _bLibros Católicos | ||
| 942 | _cLIB | ||
| 999 |
_c22781 _d22781 |
||